000 00356nam a2200145Ia 4500
008 230917s9999||||xx |||||||||||||| ||und||
040 _e140347
_aMAIN
041 _aEnglish
082 _a370 S23E
100 _aSharma, Kaushal
245 0 _aEmerging trends in Inclusive education
260 _aNew Delhi
_bIVY
_c2007
300 _a344p. p.
942 _cBK
999 _c146125
_d146125